A global history of modern historiography (Registro nro. 310457)

Detalles MARC
000 -ENCABEZADO
Número de control [NR] 00806 a2200253 4500
005 - FECHA Y HORA DE LA ÚLTIMA TRANSACCIÓN
control field 20181102155124.0
008 - DE LONGITUD FIJA DE DATOS DE ELEMENTOS - INFORMACIÓN GENERAL
Elementos de longitud fija [NR] 181024s2017 nyu||||| |||| 00| 0 eng d
020 ## - NUMERO INTERNACIONAL NORMALIZADO PARA LIBROS [R]
Número Internacional Normalizado del libro [NR] 9781138942264 (2a Ed.)
040 ## - FUENTE DE CATALOGACION [NR]
Agencia de catalogación original [NR] CO-BoUCM
Idioma de catalogación [NR] spa
Quien Cataloga Doris Forero
Quien Clasifica Doris Forero
041 ## - CODIGO DE IDIOMA [R]
Código de idioma para texto/pista de sonido o título separado [R] Inglés
100 30 - ASIENTO PRINCIPAL--NOMBRE PERSONAL [NR]
Nombre personal [NR] Iggers, Georg
ID Autoridad 94119
245 32 - MENCION DE TITULO [NR]
Título [NR] A global history of modern historiography
Mención de responsabilidad, etc. [NR] Iggers, Georg
250 ## - MENCION DE EDICION [NR]
Mención de edición [NR] 2a. Ed
260 ## - PUBLICACION, DISTRIBUCION, ETC. (PIE DE IMPRENTA) [R]
Lugar de publicación, distribución, etc. [R] New York
Nombre del editor, distribuidor, etc. [R] Pearson Longman
Fecha de publicación, distribución, etc. [R] 2017
300 ## - DESCRIPCION FISICA [R]
Extensión [R] 376 páginas
650 #7 - ASIENTO SECUNDARIO DE MATERIA - TERMINO TEMATICO [R]
9 (RLIN) 16967
Término temático o nombre geográfico como elemento de entrada [NR] Historiografía
650 #7 - ASIENTO SECUNDARIO DE MATERIA - TERMINO TEMATICO [R]
9 (RLIN) 12923
Término temático o nombre geográfico como elemento de entrada [NR] Desarrollo
Subdivisión general [R] Historia global
650 #7 - ASIENTO SECUNDARIO DE MATERIA - TERMINO TEMATICO [R]
9 (RLIN) 19682
Término temático o nombre geográfico como elemento de entrada [NR] Modernismo
650 #7 - ASIENTO SECUNDARIO DE MATERIA - TERMINO TEMATICO [R]
9 (RLIN) 216
Término temático o nombre geográfico como elemento de entrada [NR] Globalización
700 ## - ASIENTO SECUNDARIO - NOMBRE PERSONAL [R]
Nombre personal [NR] Wang, Edward
9 (RLIN) 94120
700 ## - ASIENTO SECUNDARIO - NOMBRE PERSONAL [R]
Nombre personal [NR] Mukherjee, Supriya
9 (RLIN) 94121
942 ## - ELEMENTOS DE ENTRADA AGREGADOS (KOHA)
Tipo de ítem principal el descrito en 300a Libro
Sistema de clasificación DEWEY
Tema principal Historia
Edición 2
Clasificación 907.2
Parte restante de la signatura top. I242
Existencias
Fecha de último préstamo Total préstamos Total Renewals Signatura topográfica Código de barras Última vez visto Ejemplar Costo de reposición Price effective from Tipo de ítem Perdido Sistema de clasificación Dañado No prestable Tipo de ítem específico Suprimido Ubicación habitual Ubicación actual Localización Fecha de creación Proveedor Forma de adquisición Costo
08/11/2021 1 3 907.2 I242h 100158213 09/12/2025 Ej.1 180638.00 19/10/2018 Libro   DEWEY     Libro   Claustro Claustro 2do piso 19/10/2018 19 Compra 180638.00
      907.2 I242h 100158214 09/12/2025 Ej.2 180638.00 19/10/2018 Libro   DEWEY     Libro   Claustro Claustro 2do piso 19/10/2018 19 Compra 180638.00